000 00509nam a2200193Ia 4500
005 20240823024054.0
008 240823s9999||||xx |||||||||||||| ||und||
020 _a978-81-8128-337-5
041 _aENGLISH
082 _A681.2 P3
100 _aTattamangalam R Padmanabhan
245 0 _aIndustrial Instrumentaion Principles and Design
250 _a1st
260 _c2009
_b"Springar,Canada"
500 _aYES
650 _aIndustrial Instrumentation
_bInstrumentation
942 _cBK
999 _c183051
_d183051